| 000 | 00950cam a2200253 4500 | ||
|---|---|---|---|
| 999 |
_c834 _d834 |
||
| 001 | 011381162 | ||
| 003 | UkOxU | ||
| 005 | 20191223094840.0 | ||
| 008 | 940510r19931992enk 000 1 eng | ||
| 015 | _aGB 94-31360 | ||
| 020 | _a0552138916 | ||
| 020 | _a9780552138918 | ||
| 040 | _cKH8 | ||
| 082 | _aFIC PRA | ||
| 100 | 1 |
_aPratchett, Terry. _eauthor |
|
| 245 | 1 | 0 |
_aLords and ladies / _cTerry Pratchett |
| 260 |
_aLondon : _bCorgi, _c1993 |
||
| 300 |
_a381 p _c18 cm. |
||
| 440 | _aDiscworld novel | ||
| 500 | _aOriginally published: London : Gollancz, 1992 | ||
| 520 | _aTHE FAIRIES ARE BACK - BUT THIS TIME THEY DON'T JUST WANT YOUR TEETH...Granny Weatherwax and her tiny coven are up against real elves.It's Midsummer Night.No times for dreaming...With full supporting cast of dwarfs, wizards, trolls, Morris dancers and one orang-utan. And lots of hey-nonny-nonny and blood all over the place | ||
| 655 | _aFantasy | ||
| 942 |
_2ddc _cFIC |
||